| 000 | 00832naa a2200253 u 4500 | ||
|---|---|---|---|
| 001 | 05736 | ||
| 003 | HDC | ||
| 008 | 201225t2013 xx o 000 0 eng | ||
| 022 | _a0583-3655 | ||
| 040 | _aHDC | ||
| 110 | _aDepartment of Statistics Singapore | ||
| 245 | 0 | _aYearbook of Statistics Singapore 2013 | |
| 260 |
_a[No Place] : _b[publisher not identified], _c2013 |
||
| 300 | _a340 pages | ||
| 336 |
_atext _2rdacontent |
||
| 337 |
_acomputer _2rdamedia |
||
| 338 |
_aonline resource _2rdacarrier |
||
| 650 |
_aStatistics _zSingapore _96043 |
||
| 651 |
_aSingapore _xStatistics _96044 |
||
| 856 | _zRequest full-text at [email protected] | ||
| 942 | _2lcc | ||
| 942 | _cEBOOK | ||
| 942 | _kEBOK 001445 | ||
| 999 |
_c3060 _d3060 |
||